00397nam a2200145Ia 450000500170000000800410001703700130005804000200007104100130009108400210010410000080012524500740013326000360020730000080024320250326125655.0250326s9999 xx 000 0 und d aTextbook aFMSLbengcFMSL aeng2eng aX:979Dp K5qFMSL aIIC 0aSeminar deliberations on grievance procedure & suggestion schemecIIC aNew DelhibNew Delhi, DPCc1965 a37p